|
|
|
|
| LEADER |
00000nam0a2200000 4500 |
| 001 |
118931 |
| 005 |
20240914063123.0 |
| 020 |
|
|
|a RU
|b 84-70489
|
| 035 |
|
|
|a (RuTPU)RU\TPU\book\128701
|
| 090 |
|
|
|a 118931
|
| 100 |
|
|
|a 20070620d1984 m y0rusy5003 ca
|
| 101 |
0 |
|
|a rus
|
| 102 |
|
|
|a RU
|
| 105 |
|
|
|a a z 000gy
|
| 200 |
1 |
|
|a Стихотворения. Поэмы
|f А. С. Пушкин
|g худож. А. В. Лепятский
|
| 210 |
|
|
|a Москва
|c Правда
|d 1984
|
| 215 |
|
|
|a 494 с.
|c 4 л. цв. ил.
|d 20 см
|
| 610 |
1 |
|
|a русская литература
|
| 610 |
1 |
|
|a поэзия
|
| 675 |
|
|
|a Р1
|z rus
|
| 700 |
|
1 |
|a Пушкин
|b А. С.
|c российский поэт
|c писатель
|f 1799-1837
|g Александр Сергеевич
|7 ca
|8 rus
|2 stltpush
|3 (RuTPU)RU\TPU\pers\1026
|9 453
|
| 702 |
|
1 |
|a Лепятский
|b А. В.
|4 440
|
| 801 |
|
0 |
|a RU
|b RuMRKP
|c 19950704
|g psbo
|
| 801 |
|
1 |
|a RU
|b 63413507
|c 20070620
|g PSBO
|
| 801 |
|
2 |
|a RU
|b 63413507
|c 20070620
|g PSBO
|
| 942 |
|
|
|c BK
|